[Event "Masson Coupe Defi"]
[Site "Masson"]
[Date "1993.09.19"]
[Round "4"]
[White "Aouididi, Yassine"]
[Black "Ethier, Valori"]
[Result "0-1"]
[WhiteElo "1316"]
[BlackElo "1389"]
[PlyCount "44"]
[EventDate "1993.09.18"]
[EventType "swiss"]
[EventRounds "4"]
[EventCountry "CAN"]
[SourceTitle "EXT 2022"]
[Source "ChessBase"]
[SourceDate "2021.10.06"]
[SourceVersion "1"]
[SourceVersionDate "2021.10.06"]
[SourceQuality "1"]

1. d4 d5 2. Nf3 Nf6 3. Bg5 Bf5 4. Nbd2 Nbd7 5. e3 e6 6. Be2 Be7 7. 0-0 0-0 8. c3 c5 9. Rc1 h6 10. Bf4 Qb6 11. Qb3 Qxb3 12. Nxb3 b6 13. Nbd2 c4 14. b3 b5 15. b4 a5 16. a3 axb4 17. axb4 Ra2 18. Ra1 Rfa8 19. Rxa2 Rxa2 20. Rc1 Ne4 21. Rd1 Nxc3 22. Re1 Bxb4 0-1

[Event "Masson Coupe Defi"]
[Site "Masson"]
[Date "1993.09.18"]
[Round "1"]
[White "Aouididi, Yassine"]
[Black "Jobin, Gilles G"]
[Result "0-1"]
[WhiteElo "1316"]
[BlackElo "1839"]
[PlyCount "92"]
[EventDate "1993.09.18"]
[EventType "swiss"]
[EventRounds "4"]
[EventCountry "CAN"]
[SourceTitle "EXT 2022"]
[Source "ChessBase"]
[SourceDate "2021.10.06"]
[SourceVersion "1"]
[SourceVersionDate "2021.10.06"]
[SourceQuality "1"]

1. d4 d5 2. Nf3 e6 3. Bg5 Be7 4. Bxe7 Qxe7 5. c3 Nf6 6. Nbd2 0-0 7. e3 b6 8. Bd3 Bb7 9. 0-0 Nbd7 10. Qc2 e5 11. Bf5 e4 12. Ne1 g6 13. Bh3 c5 14. f3 Rfe8 15. f4 Rac8 16. Nb3 Rc7 17. Rd1 c4 18. Na1 Nf8 19. Qc1 Bc8 20. Bxc8 Rexc8 21. g3 Qd7 22. Kg2 h5 23. h3 a5 24. Qc2 b5 25. Rb1 b4 26. Kh2 Rb7 27. Qd1 Rcb8 28. cxb4 axb4 29. Ng2 Ra8 30. a3 bxa3 31. bxa3 Rxa3 32. Rxb7 Qxb7 33. f5 g5 34. Nc2 Ra2 35. Nge1 Qb3 36. Qe2 N8d7 37. Rf2 Nb8 38. Kg1 Nc6 39. Qd1 Nb4 40. Qc1 Nxc2 41. Rxc2 Rxc2 42. Qxc2 Qxe3+ 43. Kf1 Qxg3 44. Qa4 Qxh3+ 45. Ke2 Qh2+ 46. Kd1 e3 0-1